[Event "Open Ricany"]
[Site "?"]
[Date "????.??.??"]
[Round "?.15"]
[White "Buril, Petr"]
[Black "Koys, Milan"]
[Result "1/2-1/2"]
[WhiteElo "1976"]
[BlackElo "2103"]
[PlyCount "41"]

1. f4 c5 2. Nf3 Nc6 3. e3 d6 4. Bb5 Bd7 5. b3 a6 6. Bxc6 Bxc6 7. Bb2 Nf6 8. O-O
e6 9. d3 Be7 10. Nbd2 O-O 11. Qe2 Qc7 12. e4 Nd7 13. Rac1 e5 14. fxe5 dxe5 15.
Nc4 f6 16. Nh4 Rf7 17. Nf5 Kh8 18. Bc3 Bf8 19. Qe3 b5 20. Nd2 g6 21. Nh4
1/2-1/2

[Event "Open Ricany 2006"]
[Site "?"]
[Date "????.??.??"]
[Round "?.11"]
[White "Pechacek, Stanislav"]
[Black "Bernath, Stefan"]
[Result "1/2-1/2"]
[WhiteElo "2142"]
[BlackElo "1967"]
[PlyCount "34"]

1. Nf3 c5 2. e4 e6 3. d4 cxd4 4. Nxd4 a6 5. c4 Nf6 6. Nc3 Bb4 7. Bd3 Bxc3+ 8.
bxc3 d6 9. O-O Nbd7 10. Qe2 Qc7 11. f4 O-O 12. Ba3 Nc5 13. Bc2 e5 14. fxe5 dxe5
15. Nf5 Bxf5 16. exf5 Rfe8 17. Rfe1 Rac8 1/2-1/2

[Event "Open Ricany 2006"]
[Site "?"]
[Date "????.??.??"]
[Round "?.22"]
[White "Blumel, Otto"]
[Black "Schmalz, Michal"]
[Result "1-0"]
[WhiteElo "2262"]
[BlackElo "1626"]
[PlyCount "55"]

1. d4 Nf6 2. Nc3 g6 3. e4 d6 4. Bg5 Bg7 5. e5 Nfd7 6. f4 f6 7. exf6 exf6 8. Bh4
Nb6 9. Bd3 Nc6 10. f5 g5 11. Bf2 Qe7+ 12. Nge2 Bd7 13. O-O O-O-O 14. Ng3 h5 15.
Nxh5 Rh6 16. Qf3 Rdh8 17. g4 Be8 18. Rae1 Qd7 19. Bb5 a6 20. Bxc6 bxc6 21. Nxg7
Qxg7 22. Re2 Rxh2 23. Rxe8+ Kb7 24. Rxh8 Qxh8 25. Re1 Nc4 26. Ne4 d5 27. Nc5+
Ka7 28. Qg3 1-0

[Event "Open Ricany 2006"]
[Site "?"]
[Date "2006.??.??"]
[Round "3.26"]
[White "Kylar, Miroslav"]
[Black "Vanek, Marian"]
[Result "0-1"]
[WhiteElo "2056"]
[BlackElo "1893"]
[PlyCount "62"]
[EventDate "2006.??.??"]

1. d4 Nf6 2. c4 e6 3. Nf3 d5 4. Nc3 Be7 5. e3 O-O 6. Bd3 b6 7. O-O Bb7 8. b3
Nbd7 9. Bb2 Ne4 10. Nd2 Nxc3 11. Bxc3 Nf6 12. Re1 Ne4 13. Nxe4 dxe4 14. Bf1 a5
15. Qc2 f5 16. Red1 Bf6 17. c5 Bd5 18. b4 Qe8 19. bxa5 bxa5 20. a4 c6 21. Rab1
Bd8 22. Rb7 Rf7 23. Rdb1 Rd7 24. Rb8 Rxb8 25. Rxb8 Ra7 26. Qd2 Kf7 27. Qb2 Qd7
28. Be2 Kg6 29. f3 Bc7 30. Rb7 Rxb7 31. Qxb7 Bxh2+ 0-1

[Event "Open Ricany 2006"]
[Site "?"]
[Date "2006.??.??"]
[Round "3.13"]
[White "Rerabkova, Lucie"]
[Black "Lizner, Milan"]
[Result "0-1"]
[WhiteElo "1976"]
[BlackElo "2125"]
[PlyCount "54"]
[EventDate "2006.??.??"]

1. e4 c5 2. Nf3 Nc6 3. d4 cxd4 4. Nxd4 e5 5. Nb5 a6 6. Nd6+ Bxd6 7. Qxd6 Qf6 8.
Qxf6 Nxf6 9. Nc3 Nb4 10. Bd3 h6 11. f3 Nxd3+ 12. cxd3 O-O 13. Ke2 b5 14. b4 d5
15. Kf2 Be6 16. Bb2 Rfc8 17. Rhc1 d4 18. Ne2 Rxc1 19. Rxc1 Bxa2 20. h3 Nd7 21.
Rc7 Nb6 22. f4 f5 23. exf5 Nd5 24. Rd7 Nxb4 25. Nc1 Rc8 26. Ba3 Rc2+ 27. Kg3
Nxd3 0-1

[Event "Open Ricany 2006"]
[Site "?"]
[Date "2006.??.??"]
[Round "3.17"]
[White "Simecek, Bohumil"]
[Black "Adamik, Frantisek"]
[Result "1-0"]
[WhiteElo "2091"]
[BlackElo "1868"]
[PlyCount "62"]
[EventDate "2006.??.??"]

1. d4 c5 2. d5 e5 3. e4 h5 4. Nc3 d6 5. h3 Be7 6. Nf3 g5 7. Bd3 Nd7 8. Be3 h4
9. Qd2 f6 10. Qe2 a6 11. a4 b6 12. Nd2 Nf8 13. O-O-O Ng6 14. g3 Qc7 15. Rdg1
Qa7 16. Qf1 Bd8 17. Be2 Rh7 18. Qd1 hxg3 19. fxg3 Qg7 20. h4 Ra7 21. Nc4 Qf8
22. Bh5 Kf7 23. hxg5 fxg5 24. Rf1+ Nf6 25. Bxg5 b5 26. Nb6 Bd7 27. Nxd7 Rxd7
28. Bxf6 Bxf6 29. Qg4 Qh6+ 30. Kb1 Re7 31. Qf5 Qg7 1-0

[Event "Open Ricany 2006"]
[Site "?"]
[Date "2006.??.??"]
[Round "3.28"]
[White "Nepustil, Frantisek"]
[Black "Plhacek, Vaclav"]
[Result "1-0"]
[WhiteElo "1995"]
[BlackElo "1880"]
[PlyCount "60"]
[EventDate "2006.??.??"]

1. e4 d6 2. d4 Nf6 3. Nc3 c6 4. f3 Nbd7 5. Be3 e5 6. Nge2 Be7 7. Qd2 O-O 8. g4
exd4 9. Nxd4 Ne5 10. Be2 Qc7 11. h4 Rd8 12. h5 Bf8 13. Bg5 Be7 14. O-O-O b5 15.
Rdg1 a5 16. Nf5 b4 17. Nd1 a4 18. f4 Bxf5 19. Bxf6 Bxe4 20. Bxe7 Bxh1 21. Bxd8
Rxd8 22. Rxh1 Nd7 23. Qxb4 Nc5 24. g5 Rb8 25. Qa3 Qe7 26. Bf3 Qc7 27. h6 Ne6
28. Qxa4 c5 29. Bd5 Qe7 30. Qc4 Rb4 1-0

[Event "Open Ricany 2006"]
[Site "?"]
[Date "2006.??.??"]
[Round "3"]
[White "Pokorny, Jiri"]
[Black "Lexa, Vaclav"]
[Result "0-1"]
[WhiteElo "1855"]
[BlackElo "1927"]
[PlyCount "52"]
[EventDate "2006.??.??"]

1. e4 c5 2. Nf3 d6 3. d4 cxd4 4. Nxd4 Nf6 5. Nc3 a6 6. Bg5 e6 7. f4 Qb6 8. Bxf6
Qxb2 9. Ncb5 axb5 10. Nxb5 Qxf6 11. Nc7+ Kd8 12. Nxa8 Qc3+ 13. Ke2 Qa5 14. e5
Qxa8 15. c4 Qa6 16. Kf3 Bd7 17. Bd3 Bc6+ 18. Kg3 Qa3 19. Qe2 Nd7 20. Rhd1 dxe5
21. fxe5 Bc5 22. Rab1 Bd4 23. Rb3 Qc5 24. Be4 Qxe5+ 25. Kf3 Qf6+ 26. Kg4 Qe5
0-1

[Event "Open Ricany 2006"]
[Site "?"]
[Date "2006.??.??"]
[Round "3.4"]
[White "Vanecek, Stanislav"]
[Black "Vojta, Pavel"]
[Result "1/2-1/2"]
[WhiteElo "2005"]
[BlackElo "2136"]
[PlyCount "78"]
[EventDate "2006.??.??"]

1. d4 Nf6 2. c4 g6 3. Nc3 Bg7 4. g3 O-O 5. Bg2 d6 6. Nf3 Nbd7 7. h3 a6 8. O-O
Rb8 9. e4 e5 10. Be3 c6 11. dxe5 dxe5 12. Qc2 Qc7 13. Rad1 b5 14. c5 a5 15. b3
Ba6 16. Rfe1 Rfd8 17. a3 Nf8 18. b4 Ne6 19. Rxd8+ Rxd8 20. Rd1 Rd7 21. Ng5 Nxg5
22. Bxg5 Rxd1+ 23. Qxd1 axb4 24. axb4 Qd7 25. f4 Qxd1+ 26. Nxd1 Nh5 27. fxe5
Nxg3 28. Bf6 Ne2+ 29. Kf2 Nf4 30. Nb2 Bc8 31. h4 h6 32. Bf1 Nh5 33. Bxg7 Nxg7
34. Nd3 Ne6 35. Ke3 Kf8 36. Bh3 Ke7 37. Bxe6 Bxe6 38. Kf4 Bc4 39. Ne1 Bb3
1/2-1/2

[Event "Open Ricany 2006"]
[Site "?"]
[Date "2006.??.??"]
[Round "3.12"]
[White "Drahorad, Daniel"]
[Black "Ptak, Pavel"]
[Result "0-1"]
[WhiteElo "1985"]
[BlackElo "2125"]
[PlyCount "62"]
[EventDate "2006.??.??"]

1. e4 g6 2. d4 Bg7 3. c3 d5 4. Bd3 c5 5. dxc5 Nf6 6. exd5 O-O 7. Bc4 Nbd7 8.
Be3 Ne5 9. Qb3 Nxc4 10. Qxc4 Nxd5 11. Nf3 Nxe3 12. fxe3 Be6 13. Qh4 Qd3 14. Qf2
Bh6 15. Qe2 Qxe3 16. Qxe3 Bxe3 17. b4 Bc1 18. Nbd2 Bb2 19. Rb1 Bxc3 20. a3 Rfd8
21. Ke2 Bd5 22. Rhg1 Rac8 23. Ke3 Bc6 24. Rb3 Bg7 25. g4 Ba4 26. Rbb1 Bb5 27.
Rb3 Rd7 28. a4 Bxa4 29. Ra3 Bc6 30. Rxa7 Rcd8 31. Ra3 Rxd2 0-1

[Event "Open Ricany 2006"]
[Site "?"]
[Date "2006.??.??"]
[Round "3.8"]
[White "Boucek, Vlastimil"]
[Black "Sharashenidze, Akaki"]
[Result "0-1"]
[WhiteElo "2033"]
[BlackElo "2271"]
[PlyCount "90"]
[EventDate "2006.??.??"]

1. e4 c5 2. Nc3 d6 3. g3 Nf6 4. d3 g6 5. Bg2 Bg7 6. h3 Nc6 7. Be3 O-O 8. Qd2
Rb8 9. Bh6 b5 10. Bxg7 Kxg7 11. f4 e5 12. Nge2 b4 13. Nd5 Nxd5 14. exd5 Ne7 15.
c4 bxc3 16. bxc3 exf4 17. Qxf4 Rb2 18. g4 Ng8 19. Rf1 Qe7 20. Rf2 Re8 21. Bf1
Nf6 22. Qc1 Rb6 23. Bg2 c4 24. d4 Ne4 25. Bxe4 Qxe4 26. Kf1 Qd3 27. Qf4 Qxh3+
28. Kg1 Qxg4+ 29. Rg2 Qxf4 30. Nxf4 Kf8 31. Rc1 Re4 32. Rf2 Kg7 33. Rcf1 Bg4
34. Kh2 a5 35. Rg1 h5 36. Rg3 Rb1 37. Ng2 f5 38. Re3 Rc1 39. Rb2 Rxe3 40. Nxe3
Rxc3 41. Kg2 g5 42. Rb7+ Kf6 43. Rd7 f4 44. Rxd6+ Kf7 45. Rc6 f3+ 0-1

[Event "Open Ricany 2006"]
[Site "?"]
[Date "2006.??.??"]
[Round "3.16"]
[White "Vavrinec, Tomas"]
[Black "Voracek, Zdenek"]
[Result "1-0"]
[WhiteElo "2093"]
[BlackElo "2057"]
[PlyCount "62"]
[EventDate "2006.??.??"]

1. c4 Nf6 2. Nc3 c5 3. g3 d5 4. cxd5 Nxd5 5. Bg2 Nc7 6. Nf3 Nc6 7. Qa4 Bd7 8.
Qe4 g6 9. Ne5 Bg7 10. Nxd7 Qxd7 11. O-O O-O 12. a3 Rab8 13. e3 Kh8 14. b4 e5
15. bxc5 f5 16. Qc2 e4 17. Bb2 Ne5 18. Ne2 Rbc8 19. f3 Nxf3+ 20. Bxf3 exf3 21.
Rxf3 Ne6 22. Bxg7+ Qxg7 23. Rff1 Rxc5 24. Qb3 Ng5 25. Nd4 Re8 26. Rac1 b6 27.
Rxc5 bxc5 28. Nf3 Ne4 29. Rb1 Qf6 30. Qa4 Re7 31. Qc4 g5 1-0

[Event "Open Ricany 2006"]
[Site "?"]
[Date "2006.??.??"]
[Round "3.24"]
[White "Zamrazil, Jan"]
[Black "Maly, Filip"]
[Result "0-1"]
[WhiteElo "1674"]
[BlackElo "1987"]
[PlyCount "90"]
[EventDate "2006.??.??"]

1. d4 Nf6 2. c4 g6 3. Nc3 Bg7 4. e4 d6 5. f4 O-O 6. Nf3 c5 7. d5 e6 8. Be2 exd5
9. exd5 Bf5 10. O-O Nbd7 11. Bd3 Bxd3 12. Qxd3 a6 13. a4 Re8 14. Bd2 Qb6 15.
Qc2 Ng4 16. Rfe1 Bd4+ 17. Kf1 Bg7 18. h3 Nh6 19. g4 Qd8 20. Be3 Kh8 21. Bf2 Ng8
22. Rxe8 Qxe8 23. Re1 Qf8 24. Bg3 Re8 25. Qd2 Ngf6 26. Re2 Kg8 27. Qe1 Rxe2 28.
Qxe2 Qe8 29. g5 Qxe2+ 30. Kxe2 Nh5 31. Bh2 Bxc3 32. bxc3 Ng7 33. Nd2 Nf5 34.
Ne4 Kf8 35. Ng3 a5 36. Nxf5 gxf5 37. Kd3 Nb6 38. Kc2 Nxa4 39. Kb3 Nb6 40. Bg3
Ke7 41. Bf2 Kd7 42. Be3 a4+ 43. Ka2 Nxc4 44. Bc1 b5 45. h4 Kc7 0-1

[Event "Open Ricany 2006"]
[Site "?"]
[Date "2006.??.??"]
[Round "3.2"]
[White "Pospisil, Evzen"]
[Black "Vojta, Tomas"]
[Result "0-1"]
[WhiteElo "2125"]
[BlackElo "2303"]
[PlyCount "102"]
[EventDate "2006.??.??"]

1. d4 d5 2. Bf4 e6 3. Nf3 Bd6 4. Bg3 b6 5. e3 Bb7 6. Nbd2 f5 7. Ne5 Nf6 8. c3
O-O 9. Bd3 Nbd7 10. Ndf3 Ne4 11. Bf4 Ndf6 12. h3 Qe8 13. g4 Kh8 14. Qc2 g6 15.
O-O-O Rg8 16. Bxe4 fxe4 17. Ng5 Rf8 18. h4 Kg7 19. h5 h6 20. Ngf7 g5 21. Nxg5
hxg5 22. Bxg5 Bxe5 23. dxe5 Nd7 24. h6+ Kh7 25. f4 {=} 25... Ba6 26. Qh2 Nc5
27. Bf6 Rg8 28. Bg7 Qa4 29. g5 Bd3 30. Rdg1 Rxg7 31. hxg7+ Kxg7 32. Qh6+ Kf7
33. g6+ Ke8 34. Qh2 Qxa2 35. Kd2 Qxb2+ 36. Ke1 Qc1+ 37. Kf2 Qd2+ 38. Kg3 Qxe3+
39. Kg4 Kd7 40. Qh7+ Kc6 41. g7 Qf3+ 42. Kg5 e3 43. g8=Q Rxg8+ 44. Qxg8 Ne4+
45. Kh6 Qxf4+ 46. Kg7 Qxe5+ 47. Kf8 Qf6+ 48. Qf7 Qxf7+ 49. Kxf7 e2 50. Kxe6 a5
51. Rg7 Nd2 0-1

[Event "Open Ricany 2006"]
[Site "?"]
[Date "2006.??.??"]
[Round "3.5"]
[White "Horak, Vladimir"]
[Black "Boleslav, Petr"]
[Result "0-1"]
[WhiteElo "2107"]
[BlackElo "2044"]
[PlyCount "56"]
[EventDate "2006.??.??"]

1. Nf3 Nf6 2. d4 e6 3. e3 c5 4. c3 Nc6 5. Bd3 d5 6. Nbd2 Bd6 7. dxc5 Bxc5 8.
O-O O-O 9. Qe2 Bb6 10. e4 Bc7 11. b3 e5 12. Bb2 Nh5 13. g3 f5 14. exd5 e4 15.
Bc4 exf3 16. dxc6+ Kh8 17. Nxf3 f4 18. Rad1 Qf6 19. Bd5 bxc6 20. c4 Qh6 21. Ba3
Bh3 22. Bxf8 Bxf1 23. Qe7 cxd5 24. Kxf1 Nf6 25. Nh4 Re8 26. Qxc7 Rxf8 27. Qxf4
g5 28. Nf5 Qh3+ 0-1

[Event "Open Ricany 2006"]
[Site "?"]
[Date "2006.??.??"]
[Round "3.25"]
[White "Vokolek, Jaroslav"]
[Black "Kovar, Josef"]
[Result "1-0"]
[WhiteElo "1734"]
[BlackElo "1981"]
[PlyCount "137"]
[EventDate "2006.??.??"]

1. d4 Nf6 2. c4 g6 3. Nf3 Bg7 4. Nc3 c5 5. d5 O-O 6. e4 d6 7. Be2 b5 8. cxb5 a6
9. b6 Qxb6 10. O-O a5 11. Nd2 Ba6 12. Re1 Nbd7 13. Rb1 Ne5 14. Nf3 Nfd7 15. Bf4
Nc4 16. Qc1 Rfb8 17. b3 Nce5 18. Nxe5 Nxe5 19. Bxe5 Bxe5 20. Bxa6 Rxa6 21. Na4
Qc7 22. Nb2 Bg7 23. Qc2 Rab6 24. Nc4 Rb4 25. Rbd1 Bd4 26. Rd3 a4 27. bxa4 Qa7
28. Rb3 Qxa4 29. Reb1 Kg7 30. Ne3 f6 31. Rxb4 Rxb4 32. Rxb4 Qxb4 33. Nf1 c4 34.
Nd2 Bc3 35. Nf1 Kf7 36. g3 Ke8 37. Ne3 Kd7 38. Kg2 Kc7 39. Qe2 Kb6 40. Qxc4
Qxc4 41. Nxc4+ Kb5 42. Ne3 Bd4 43. Ng4 43... f5 {=} 44. exf5 Kc5 45. fxg6 hxg6
46. Kf3 Kxd5 47. Ne3+ Kc5 48. Ke4 e6 49. f3 d5+ 50. Kd3 Bg7 51. f4 Kb4 52. Nc2+
Kc5 53. a4 Bh8 54. h4 e5 55. fxe5 Bxe5 56. g4 Bf6 57. h5 gxh5 58. gxh5 Kb6 59.
Ne3 Kc5 60. a5 Bg5 61. a6 Kb6 62. Nxd5+ Kxa6 63. Ke4 Kb5 64. Kf5 Bh6 65. Kf6
Bf8 66. Nc7+ Kc6 67. Ne6 Ba3 68. h6 Kd7 69. Ng7 1-0

[Event "Open Ricany 2006"]
[Site "?"]
[Date "2006.??.??"]
[Round "3.3"]
[White "Fojtu, Petr"]
[Black "Srba, Milan"]
[Result "0-1"]
[WhiteElo "2121"]
[BlackElo "2203"]
[PlyCount "134"]
[EventDate "2006.??.??"]

1. Nf3 d5 2. g3 c5 3. Bg2 Nf6 4. O-O Nc6 5. d3 g6 6. Nbd2 Bg7 7. e4 O-O 8. Qe2
Bg4 9. c3 Qd7 10. Re1 Rfd8 11. Qf1 d4 12. c4 Nb4 13. Rd1 Bh6 14. a3 Nc6 15. h3
Bxf3 16. Nxf3 Bxc1 17. Raxc1 e5 18. Ne1 Nh5 19. Rc2 Qe7 20. Qe2 h6 21. Nf3 Rab8
22. Rf1 Rdc8 23. Kh2 Kh7 24. Nd2 a6 25. f4 Rc7 26. Qg4 b5 27. f5 Nf6 28. fxg6+
fxg6 29. Qe2 b4 30. b3 bxa3 31. Ra2 Nh5 32. Bf3 Ng7 33. Rxa3 Nb4 34. Bg2 Rc6
35. Nf3 Rf6 36. Raa1 Rfb6 37. Rf2 Nc6 38. Nd2 Nb4 39. Nf3 Nh5 40. Raf1 Rf8 41.
Ng5+ Qxg5 42. Rxf8 Qxg3+ 43. Kh1 Nf4 44. Qg4 Qxg4 45. hxg4 Nbxd3 46. Rb1 Nf2+
47. Kg1 Nxg4 48. Rc8 Ne3 49. Bf3 Ne6 50. Rb2 h5 51. Bg2 g5 52. Rf2 Nf4 53. Bf1
Rxb3 54. Rxc5 Ng4 55. Ra2 Rb6 56. Rc7+ Kh6 57. c5 Rf6 58. Bxa6 h4 59. Bb5 h3
60. Bd7 Ne3 61. Bc8 d3 62. Raa7 Ne2+ 63. Kh2 g4 64. Bxg4 Nxg4+ 65. Kxh3 Nf2+
66. Kg2 d2 67. Rh7+ Kg5 0-1

[Event "Open Ricany 2006"]
[Site "?"]
[Date "????.??.??"]
[Round "?.3"]
[White "Vojta, Pavel"]
[Black "Sharashenidze, Akaki"]
[Result "1-0"]
[WhiteElo "2136"]
[BlackElo "2271"]
[PlyCount "71"]

1. Nf3 d5 2. d4 Nf6 3. c4 c6 4. Nc3 e6 5. Bg5 Nbd7 6. e3 Bd6 7. Be2 O-O 8. O-O
a6 9. a4 Qa5 10. Nd2 e5 11. Nb3 Qc7 12. c5 Be7 13. Nd2 a5 14. Qc2 exd4 15. exd4
Ng4 16. Bxg4 Bxg5 17. Nf3 Bf6 18. Rfe1 b6 19. cxb6 Qxb6 20. Qd2 Rd8 21. Ne5
Nxe5 22. dxe5 Bxe5 23. Bxc8 Bxc3 24. bxc3 Raxc8 25. Rab1 Qc7 26. Qg5 Re8 27. g3
Re6 28. Re3 Rce8 29. Rbe1 Qd6 30. Rxe6 fxe6 31. Rb1 Qc7 32. Qe3 Kf7 33. Qc5 e5
34. Rb6 Re6 35. Ra6 Qb7 36. Ra7 1-0

[Event "Open Ricany 2006"]
[Site "?"]
[Date "????.??.??"]
[Round "?.24"]
[White "Schmalz, Michal"]
[Black "Rerabkova, Lucie"]
[Result "0-1"]
[WhiteElo "1623"]
[BlackElo "1976"]
[PlyCount "128"]

1. e4 c5 2. Nf3 Nc6 3. d4 cxd4 4. Nxd4 g6 5. Nc3 Bg7 6. Be3 Nf6 7. f3 O-O 8.
Qd2 d5 9. O-O-O e6 10. Bh6 Bxh6 11. Qxh6 Nxd4 12. Rxd4 e5 13. Rd1 d4 14. Bc4
Be6 15. Bxe6 fxe6 16. h4 Qa5 17. Nb1 Nh5 18. Na3 Rf7 19. Qd2 Qc5 20. Qd3 Rc8
21. Qb5 Qc7 22. Rhf1 a6 23. Qb3 Ng3 24. Rf2 Nxe4 25. Rff1 Nc5 26. Qb4 b5 27.
Qd2 Rd7 28. h5 e4 29. fxe4 Nxe4 30. Qd3 Nc5 31. Qh3 d3 32. hxg6 hxg6 33. Qh6
dxc2 34. Rxd7 Qxd7 35. Qxg6+ Qg7 36. Qxg7+ Kxg7 37. Nxc2 Nd3+ 38. Kb1 e5 39.
Rd1 e4 40. Ne1 Nxe1 41. Rxe1 Re8 42. Kc2 Kf6 43. Kd2 Ke5 44. Ke3 Rc8 45. Re2
Rd8 46. Rd2 Rg8 47. Kf2 a5 48. b3 Rg5 49. g3 Rf5+ 50. Kg2 e3 51. Rd8 Rf2+ 52.
Kg1 Rxa2 53. Rb8 b4 54. Kf1 Kd4 55. g4 Kd3 56. Rd8+ Kc3 57. g5 Ra1+ 58. Ke2 Rg1
59. Rd3+ Kc2 60. Rxe3 Rxg5 61. Kf2 Rd5 62. Ke2 Rd2+ 63. Ke1 Rd1+ 64. Ke2 Ra1
0-1

[Event "Open Ricany 2006"]
[Site "?"]
[Date "2006.??.??"]
[Round "4.6"]
[White "Ptak, Pavel"]
[Black "Skala, Jaromir"]
[Result "1-0"]
[WhiteElo "2125"]
[BlackElo "2079"]
[PlyCount "85"]
[EventDate "2006.??.??"]

1. d4 Nf6 2. g3 g6 3. Bg2 Bg7 4. e4 d6 5. Ne2 O-O 6. O-O c6 7. Nbc3 Qc7 8. h3
e5 9. Be3 Ne8 10. dxe5 Bxe5 11. Qd2 Be6 12. Bh6 Bg7 13. Bxg7 Nxg7 14. Rad1 Rd8
15. f4 f5 16. Nd4 Qf7 17. Rfe1 Na6 18. Kh2 Nc7 19. Bf1 d5 20. exf5 Bxf5 21. Nf3
Re8 22. Ne5 Qf6 23. Na4 Rad8 24. Qf2 b6 25. c4 Be4 26. Ng4 Qf8 27. Nc3 Nh5 28.
cxd5 Bxd5 29. Nxd5 cxd5 30. Bg2 Rxe1 31. Qxe1 Nf6 32. Qe5 Nxg4+ 33. hxg4 Qc5
34. Qd4 Qd6 35. f5 gxf5 36. gxf5 Kf7 37. Qh4 Kg7 38. Qg5+ Kh8 39. Rf1 Rg8 40.
Qh4 d4 41. f6 d3 42. Be4 Qd7 43. f7 1-0

[Event "Open Ricany 2006"]
[Site "?"]
[Date "2006.??.??"]
[Round "4.20"]
[White "Vanek, Marian"]
[Black "Boucek, Vlastimil"]
[Result "1-0"]
[WhiteElo "1843"]
[BlackElo "2033"]
[PlyCount "80"]
[EventDate "2006.??.??"]

1. e4 Nf6 2. e5 Nd5 3. d4 d6 4. Nf3 Bg4 5. Bc4 e6 6. h3 Bh5 7. Qe2 Nb6 8. Bb5+
c6 9. Bd3 d5 10. Be3 N6d7 11. Nbd2 c5 12. c3 Nc6 13. g4 Bg6 14. Bxg6 hxg6 15.
Bg5 Qb6 16. dxc5 Nxc5 17. O-O-O a5 18. Nd4 a4 19. f3 a3 20. b3 Nxd4 21. cxd4
Na6 22. Nb1 Rc8+ 23. Kd2 Qxd4+ 24. Ke1 Qb6 25. Be3 Bb4+ 26. Kf2 Qa5 27. Kg3 Rc6
28. Bd4 O-O 29. h4 Rfc8 30. h5 Rc2 31. Qe3 Qb5 32. Nd2 Rxa2 33. h6 Bf8 34. hxg7
Bxg7 35. Rh2 Rcc2 36. Qg5 Qe8 37. Be3 Nc5 38. Rdh1 Nd7 39. f4 f6 40. Qh4 Qf7
1-0

[Event "Open Ricany 2006"]
[Site "?"]
[Date "2006.??.??"]
[Round "4.2"]
[White "Vojta, Tomas"]
[Black "Boleslav, Petr"]
[Result "1-0"]
[WhiteElo "2303"]
[BlackElo "2044"]
[PlyCount "83"]
[EventDate "2006.??.??"]

1. e4 c5 2. f4 d5 3. exd5 Nf6 4. Nc3 Nxd5 5. Nf3 Nc6 6. Bb5 e6 7. O-O Be7 8.
Ne5 Bd7 9. Bxc6 Bxc6 10. Nxc6 bxc6 11. Qe2 Qb8 12. f5 e5 13. d3 O-O 14. Ne4 f6
15. b3 Qb4 16. Bd2 Qa3 17. Bc1 Qb4 18. Bb2 c4 19. dxc4 Bc5+ 20. Kh1 Nf4 21. Qf3
g6 22. g3 Nh5 23. Rad1 Be7 24. Rd7 Rae8 25. Qg4 Ng7 26. fxg6 f5 27. gxh7+ Kh8
28. Qe2 fxe4 29. Bxe5 Rxf1+ 30. Qxf1 Qc5 31. Qf5 Qe3 32. Kg2 Qf3+ 33. Qxf3
exf3+ 34. Kxf3 Kxh7 35. Rxa7 Kg6 36. Bxg7 Kxg7 37. b4 Kf6 38. c5 Ke5 39. Ke3
Bg5+ 40. Kd3 Rd8+ 41. Kc3 Rd2 42. h4 1-0

[Event "Open Ricany 2006"]
[Site "?"]
[Date "2006.??.??"]
[Round "4.12"]
[White "Maly, Filip"]
[Black "Blumel, Otto"]
[Result "0-1"]
[WhiteElo "1987"]
[BlackElo "2262"]
[PlyCount "121"]
[EventDate "2006.??.??"]

1. e4 c5 2. Nf3 Nf6 3. Nc3 Nc6 4. Bb5 d5 5. exd5 Nxd5 6. Ne4 Qb6 7. Ba4 Bg4 8.
h3 Bh5 9. O-O O-O-O 10. Ng3 Bg6 11. d3 e6 12. Qe1 Bd6 13. Ne4 Bb8 14. c3 Bh5
15. Nfd2 Qc7 16. g3 Ne5 17. Bc2 f5 18. Nxc5 Qxc5 19. d4 Qb5 20. dxe5 Be2 21. c4
Bxc4 22. Nxc4 Qxc4 23. Bb3 Qb5 24. Be3 Bc7 25. Rc1 Rhe8 26. Rc5 Qd7 27. Bg5 Kb8
28. Bxd8 Rxd8 29. Qe2 Bb6 30. Rcc1 f4 31. Kh2 Qf7 32. Bxd5 Rxd5 33. Rcd1 Ra5
34. Rd3 a6 35. Rfd1 Qf5 36. g4 Qg5 37. Qf3 Rb5 38. R1d2 Qxe5 39. Re2 Qc7 40. b3
e5 41. Rd5 Rxd5 42. Qxd5 Bd4 43. Qe4 g6 44. Rc2 Qd6 45. Qd3 Qd5 46. Re2 Qa5 47.
Qc4 f3 48. Rc2 Qe1 49. Kg3 Qe4 50. Kh2 Qf4+ 51. Kg1 Qg3+ 52. Kf1 Qxh3+ 53. Ke1
Qxg4 54. Kd2 h5 55. Qg8+ Ka7 56. Rc8 Qg5+ 57. Kc2 Qf5+ 58. Kd2 Qf6 59. Ra8+ Kb6
60. Qc4 Qd6 61. Re8 0-1

[Event "Open Ricany 2006"]
[Site "?"]
[Date "2006.??.??"]
[Round "4.29"]
[White "Vorackova, Jarmila"]
[Black "Svitak, David"]
[Result "0-1"]
[WhiteElo "1908"]
[BlackElo "1803"]
[PlyCount "63"]
[EventDate "2006.??.??"]

1. d4 Nf6 2. c4 e6 3. Nc3 Bb4 4. Qc2 d5 5. cxd5 exd5 6. Bg5 O-O 7. e3 b6 8. Bd3
h6 9. Bh4 Re8 10. Nf3 Nbd7 11. O-O Bb7 12. a3 Be7 13. b4 Rc8 14. Qb3 c6 15.
Rfc1 Bd6 16. Bf5 g5 17. Bg3 Bxg3 18. hxg3 Kg7 19. Ne5 Rc7 20. Nxd7 Nxd7 21. b5
c5 22. Nxd5 c4 23. Nxc7 cxb3 24. Nxe8+ Qxe8 25. Rc7 Bc8 26. Rb1 Qd8 27. Rxa7
Nf6 28. Bd3 Be6 29. Ra4 Nd5 30. Ra6 Qc7 31. e4 f5 32. exd5 {Dale necitelne.}
0-1

[Event "Open Ricany 2006"]
[Site "?"]
[Date "2006.??.??"]
[Round "4.1"]
[White "Srba, Milan"]
[Black "Balhar, Jan"]
[Result "1/2-1/2"]
[WhiteElo "2203"]
[BlackElo "2311"]
[PlyCount "120"]
[EventDate "2006.??.??"]

1. e4 c6 2. d3 d5 3. Nd2 e5 4. Ngf3 Bd6 5. g3 Nf6 6. Bg2 O-O 7. O-O Re8 8. Re1
Nbd7 9. c3 Nc5 10. Qc2 dxe4 11. dxe4 Bc7 12. Bf1 a5 13. a4 Bg4 14. b3 Bd6 15.
Nh4 Bf8 16. f3 Be6 17. Nc4 b5 18. axb5 cxb5 19. Rd1 Qc7 20. Nd2 a4 21. bxa4
bxa4 22. Kh1 Nb3 23. Rb1 Rec8 24. c4 Nd4 25. Qd3 Nd7 26. Ng2 Nc5 27. Qc3 Ncb3
28. Nxb3 Nxb3 29. Bb2 f6 30. Ne3 Bc5 31. Nd5 Qa7 32. Qd3 Rcb8 33. f4 Nd4 34.
Ba1 a3 35. f5 Bd7 36. Nc3 Ba4 37. Rd2 Qa5 38. Nb5 Nb3 39. Ra2 Rd8 40. Qe2 Rd2
41. Rxd2 Qxd2 42. Nc3 Qd4 43. Kg2 Qd7 44. Nxa4 Qxa4 45. Qa2 Nxa1 46. Rxa1 Rb8
47. Rb1 Rd8 48. Kh3 g6 49. Rb5 Qd1 50. Be2 Qd4 51. Bf3 Ra8 52. fxg6 hxg6 53.
Bg4 Kg7 54. Rb7+ Kh6 55. Kh4 Qxe4 56. Qd2+ g5+ 57. Kh3 f5 58. Rb6+ Bxb6 59.
Qd6+ Kh7 60. Qe7+ Kh8 1/2-1/2

[Event "Open Ricany 2006"]
[Site "?"]
[Date "2006.??.??"]
[Round "4.13"]
[White "Pliva, Vojtech"]
[Black "Tejkal, Jiri"]
[Result "1/2-1/2"]
[WhiteElo "2150"]
[BlackElo "2034"]
[PlyCount "34"]
[EventDate "2006.??.??"]

1. Nf3 Nf6 2. d4 g6 3. c4 Bg7 4. Nc3 O-O 5. e4 d6 6. Be2 e5 7. O-O Nc6 8. Be3
Ng4 9. Bg5 f6 10. Bc1 f5 11. dxe5 dxe5 12. Qxd8 Rxd8 13. Nd5 fxe4 14. Ng5 Nf6
15. Nxf6+ Bxf6 16. Nxe4 Be7 17. Bg5 Rf8 1/2-1/2

[Event "Open Ricany 2006"]
[Site "?"]
[Date "2006.??.??"]
[Round "4.22"]
[White "Ruzicka, Vaclav"]
[Black "Nepustil, Frantisek"]
[Result "1/2-1/2"]
[WhiteElo "1700"]
[BlackElo "1995"]
[PlyCount "27"]
[EventDate "2006.??.??"]

1. c4 Nf6 2. d4 c5 3. d5 e5 4. Nc3 d6 5. e4 g6 6. Bd3 Bg7 7. Nge2 a6 8. a4 b6
9. f3 h5 10. Be3 Bh6 11. Bxh6 Rxh6 12. Qd2 Rh8 13. h4 Nbd7 14. g3 1/2-1/2

[Event "Open Ricany 2006"]
[Site "?"]
[Date "2006.??.??"]
[Round "4.7"]
[White "Fojtu, Jan"]
[Black "Pospisil, Evzen"]
[Result "1-0"]
[WhiteElo "2014"]
[BlackElo "2125"]
[PlyCount "51"]
[EventDate "2006.??.??"]

1. d4 Nf6 2. c4 e6 3. Nc3 c5 4. d5 exd5 5. cxd5 d6 6. e4 g6 7. Bd3 Bg7 8. Nge2
O-O 9. O-O Na6 10. f4 Nc7 11. Ng3 a6 12. a4 Rb8 13. Be2 Nd7 14. a5 b5 15. axb6
Rxb6 16. Na4 Rb8 17. Bd2 Nb5 18. Rb1 Nb6 19. Ba5 Bd4+ 20. Kh1 h5 21. Nxb6 h4
22. Nxc8 Qxa5 23. Ne7+ Kh7 24. Ngf5 gxf5 25. Bxb5 Rh8 26. e5 1-0

[Event "Open Ricany 2006"]
[Site "?"]
[Date "2006.??.??"]
[Round "4.14"]
[White "Vlcek, Jan"]
[Black "Pechacek, Stanislav"]
[Result "1-0"]
[WhiteElo "1673"]
[BlackElo "2142"]
[PlyCount "51"]
[EventDate "2006.??.??"]

1. e4 c5 2. Nf3 Nc6 3. d4 cxd4 4. Nxd4 Nf6 5. Nc3 e5 6. Ndb5 d6 7. Bg5 a6 8.
Na3 b5 9. Bxf6 gxf6 10. Nd5 Bg7 11. Bd3 O-O 12. O-O Ne7 13. Qh5 Nxd5 14. exd5
e4 15. Bxe4 f5 16. Bxf5 Bxf5 17. Qxf5 Bxb2 18. Rab1 Bxa3 19. Rb3 Bc5 20. Rg3+
Kh8 21. Rh3 Kg7 22. Qxh7+ Kf6 23. Qh4+ Kf5 24. Rf3+ Kg6 25. Rg3+ Kf5 26. Qh5+
1-0

[Event "Open Ricany 2006"]
[Site "?"]
[Date "2006.??.??"]
[Round "4.9"]
[White "Lexa, Vaclav"]
[Black "Vavrinec, Tomas"]
[Result "0-1"]
[WhiteElo "1927"]
[BlackElo "2093"]
[PlyCount "36"]
[EventDate "2006.??.??"]

1. d4 Nf6 2. c4 c5 3. d5 e6 4. Nc3 exd5 5. cxd5 d6 6. e4 g6 7. Nf3 Bg7 8. Be2
O-O 9. O-O Na6 10. Nd2 Nc7 11. f4 Re8 12. Bf3 Rb8 13. a4 b6 14. Qc2 a6 15. Re1
Nfxd5 16. Nxd5 Nxd5 17. Nf1 Nb4 18. Qe2 d5 0-1